000 00565nam a2200181Ia 4500
008 090123s9999 xx 000 0 und d
082 _b12310
_a891.463/साळगां
100 _aसाळगांवकर शशिकला
245 _aकाटशह
250 _a1
260 _bविद्या प्रकाशन
_c1982
300 _a191
600 _aसाळगांवकर शशिकला
630 _aकाटशह
700 _aसाळगांवकर शशिकला
730 _aकाटशह
942 _cBOOK
999 _c50374
_d50374